Statistics for Star Trek TNG Characters by First Name

Click here to take the quiz!

General Stats

  • This quiz has been taken 69 times
  • The average score is 10 of 13

Answer Stats

First NameLast Name% Correct
BeverlyCrusher
100%
Jean-LucPicard
100%
DeannaTroi
100%
WesleyCrusher
98%
GeordiLa Forge
97%
William (Will)Riker
97%
LwaxanaTroi
93%
TashaYar
93%
MilesO'Brien
80%
Reginald (Reg)Barclay
58%
RoLaren
58%
KatherinePulaski
42%
AlexanderRozhenko
24%

Score Distribution

Percentile by Number Answered

Percent of People with Each Score

Your Score History

You have not taken this quiz